Những phong cách trang trí nhà cửa thời thượng : Hướng dẫn thiết kế nội thất = Thất nội thiết kế nhập môn

Enregistré dans:
Détails bibliographiques
Auteur principal: Trịnh Thự Dương
Format: Livre
Langue:Undetermined
Publié: Tp. HCM Mỹ Thuật 2003
Sujets:
Tags: Ajouter un tag
Pas de tags, Soyez le premier à ajouter un tag!
Thư viện lưu trữ: Trung tâm Học liệu Trường Đại học Cần Thơ
LEADER 00719nam a2200193Ia 4500
001 CTU_57070
008 210402s9999 xx 000 0 und d
020 |b 25000 
082 |a 729 
082 |b D561 
100 |a Trịnh Thự Dương 
245 0 |a Những phong cách trang trí nhà cửa thời thượng : Hướng dẫn thiết kế nội thất = 
245 0 |b Thất nội thiết kế nhập môn 
245 0 |c Trịnh Thự Dương và Trần Sảng; Kin Dân biên dịch 
260 |a Tp. HCM 
260 |b Mỹ Thuật 
260 |c 2003 
650 |a interior architecture,house furnishings 
980 |a Trung tâm Học liệu Trường Đại học Cần Thơ